| 000 | 00496nam a2200193Ii 4500 | ||
|---|---|---|---|
| 003 | JO-AjNU | ||
| 008 | 230606s9999||||xx |||||||||||||| ||und|| | ||
| 040 |
_aJO-AjNU _beng _erda _cJO-AjNU |
||
| 041 | _aeng | ||
| 050 | 1 | 4 | _aQA154.2.2014 |
| 100 | 3 |
_aBORAH,BIJU, _eauthor _94683 |
|
| 245 | 0 | 0 | _aalgebra |
| 264 | 3 | 1 | _aNew Delhi:AOH,2014 |
| 300 | _a326p | ||
| 336 |
_atext _btxt _2rdacontent |
||
| 337 |
_aunmediated _bn _2rdamedia |
||
| 338 |
_avolume _bnc _2rdacarrier |
||
| 650 | 4 |
_aAlgebra _94684 |
|
| 999 |
_aE2427 _c2425 _d2425 |
||